| 000 | 00000nam 2200000zi 4500 |
| 001 | 9.932423 |
| 003 | CaOODSP |
| 005 | 20240123120556 |
| 006 | m o d f |
| 007 | cr |n||||||||| |
| 008 | 240112t20232023onc o f|0| 0 ||| d |
| 040 | |aCaOODSP|bfre|erda|cCaOODSP |
| 041 | 7|acrg|2iso639-3 |
| 043 | |an-cn--- |
| 086 | 1 |aH14-424/3-2023Crg-PDF |
| 245 | 00|aKenadaw li dawnchee weechihiwaywin. |
| 250 | |a[Édition michif-cri]. |
| 264 | 1|a[Ottawa] : |bGovernment of Canada = Gouvernement du Canada, |c2023. |
| 264 | 4|c©2023 |
| 300 | |a1 ressource en ligne (1 page) |
| 336 | |atexte|btxt|2rdacontent/fre |
| 337 | |ainformatique|bc|2rdamedia/fre |
| 338 | |aressource en ligne|bcr|2rdacarrier/fre |
| 500 | |aPublié aussi en français sous le titre : Feuillet d'information pour la Prestation dentaire canadienne. |
| 500 | |aPublié par : Santé Canada. |
| 500 | |a« Pub.: 230042. » |
| 500 | |aLe n° de catalogue (H14-424/3-2022Crg-PDF) et l’ISBN (9780660483580) imprimés dans cette publication sont incorrects. |
| 546 | |aTexte en michif-cri. |
| 650 | 6|aEnfants|xSoins dentaires|zCanada|xFinances. |
| 650 | 6|aEnfants|xSoins dentaires|xPolitique gouvernementale|zCanada. |
| 710 | 1 |aCanada. |bSanté Canada, |eorganisme de publication. |
| 775 | 08|tFeuillet d'information pour la Prestation dentaire canadienne.|w(CaOODSP)9.925989 |
| 856 | 40|qPDF|s110 Ko|uhttps://publications.gc.ca/collections/collection_2024/sc-hc/H14-424-3-2023-crg.pdf |
| 856 | 4 |qHTML|sS.O.|uhttps://www.canada.ca/fr/services/sante/vie-saine/dents-bouche/prestations-dentaire-canadienne-ressources-multilingues/feuillets-information/michif-cri.html |
| 986 | |a230042 |